La Côte d'ivoire pour les touristes... - Facile - Statistiques

Statistiques générales
  • Ce quiz a été pris 31 fois
  • Le résultat moyen est 13 sur 20
Statistiques - réponses
Question Indice Réponses % Correct
Quelle est la langue officielle ? Français
96%
Ce pays est plus grand que la France (oui/non) Non
88%
Quel est le régime du pays ? R République
85%
Quelle est la monnaie ? Franc CFA F
77%
Quel pays a accordé son indépendance à celui-ci ? France
77%
Quelles sont les principaux lieux touristiques ? B Notre-Dame de la Paix à {Yamoussoukro} MSYUKOUROSAO
77%
Dans la capitale quel est le décalage horaire avec Paris ? (+ ou - et chiffre) ex - 10 ou + 3,5 - 2
73%
Achats à faire 2/ Pour cacher le visage M Masque UQMSEA
73%
Achats à faire 3/ Instrument de musique D Djembé MDEEJB
69%
La religion majoritaire est Islam I
69%
Quelles sont les principaux lieux touristiques ? B Quartier de {Cocody} à Abidjan DCOOCY
69%
Le principal aéroport est A Abidjan
65%
Achats à faire 4/ Jeu A Awalé EAWLA
65%
Quelles sont les principaux lieux touristiques ? S Région des {lacs} CALS
62%
Code sur les plaques minéralogiques CI
42%
Le suffixe internet est ci
42%
Achats à faire 5/ Toiles de K Korhogo OHKROOG
42%
Quelles sont les principaux lieux touristiques ? T Régions des 18 {montagne} OETAMGNN
42%
Quel est le climat local ? T & E {Tropical} & {Equatorial}
27%
Achats à faire 1/ Sculptures A Animalière MNALIREAEI
12%
Aucun quiz correspondant
Distribution des résultats
% des personnes avec chaque résultat
Percentile par nombre de réponses
Votre historique - résultats
Vous n’avez pas pris ce quiz